Introduction to contemporary linguistic semantics
Salvato in:
| Autore principale: | |
|---|---|
| Natura: | Libro |
| Lingua: | inglese |
| Pubblicazione: |
Englewood Cliffs
Prentice-Hall
1977
|
| Edizione: | 1a. ed |
| Serie: | Prentice-Hall Foundations of Modern Linguistics Series
|
| Soggetti: | |
| Tags: |
Aggiungi Tag
Nessun Tag, puoi essere il primo ad aggiungerne!!
|
MARC
| LEADER | 00000nam a2200000 a 4500 | ||
|---|---|---|---|
| 001 | UCJ0539 | ||
| 003 | CL-VaPUC | ||
| 008 | 060811e19770000us |||||||||||||||||eng|d | ||
| 020 | |a 0134794516 | ||
| 082 | 0 | 4 | |a 412 |b DIL |2 21 |
| 100 | 0 | |a Dillon, George L |e author |9 500789 | |
| 245 | 1 | 0 | |a Introduction to contemporary linguistic semantics |
| 250 | |a 1a. ed | ||
| 300 | |a 150 p | ||
| 942 | |c BK | ||
| 945 | |d 20060811 00:00:00 |a cmena | ||
| 260 | |a Englewood Cliffs |b Prentice-Hall |c 1977 | ||
| 650 | 0 | |a Semántica |9 265318 | |
| 650 | 0 | |a Análisis del discurso |9 256696 | |
| 650 | 0 | |a Pragmática |9 416307 | |
| 650 | 0 | |a Investigación lingüística |9 329785 | |
| 583 | |a last modification |c 20140406 06:37:05 |k Rodrigo Vera | ||
| 490 | 0 | |a Prentice-Hall Foundations of Modern Linguistics Series | |
| 999 | |c 317370 |d 317368 | ||
| 952 | |0 0 |1 0 |4 0 |6 412_000000000000000_DIL_1977 |7 0 |8 A |9 393693 |a FDOPOS |b FDOPOS |d 2019-11-22 |i 4247183 |o 412 DIL 1977 |p 4247183 |r 2025-01-22 |w 2019-11-22 |y BK |k MLA | ||